000 00674nam a2200229 a 4500
001 000011012
003 OSt
005 20240412074222.0
008 091013s1965 dr c 000 p spa d
040 _aDO-SdBNP
_bspa
_cBNPHU
082 7 4 _a861.4
_bS197h 1965
_222
100 1 _aSanabia, Rafael Emilio
_926438
245 1 0 _aHablando con mi madre /
_cRafael Emilio Sanabia.
250 _a3a. ed.
260 _aSanto Domingo :
_bArte y Cine,
_c1965.
300 _a60 p. :
_bretr. ;
_c24 cm.
590 _aInventariado, 2018/MFF
650 0 _aPoesía dominicana
_966
650 0 _aLiteratura dominicana.
_967
910 _aValidado. Control de calidad MFF
942 _2ddc
_cLBS1
999 _c10750
_d10750